Quito - Culture générale - Statistiques

Statistiques générales
  • Ce quiz a été pris 63 fois
  • Le résultat moyen est 9 sur 15
Statistiques - réponses
Information Réponse % Correct
Pays dont Quito est la capitale Équateur
98%
Chaîne de montagnes dans laquelle Quito se situe Andes
93%
Religion majoritaire Catholicisme
86%
Après La Paz, Quito est la deuxième capitale la plus ___ Haute (altitude)
84%
Empire pré-colombien qui a annexé la région de Quito à la fin du XVème siècle Empire Inca
82%
Latitude (en degrés) de la ville
81%
Aléa naturel qui a durement touché la ville en 1869 ou 1949 Tremblement de terre
81%
Organisation mondiale qui a inscrit la ville sur ses listes dès 1978 UNESCO
74%
Grande place du centre-ville qui célèbre un événement de 1830 Place de l'{Indépendance}
54%
Art pour lequel est connu Oswaldo Guayasamín, artiste de Quito et grande figure du réalisme social Peinture
53%
Nation instaurée sous l'impulsion de Simon Bolivar, qui a fait de Quito l'un des trois grands districts Grande Colombie
30%
Ce que l'on trouve dans les bonbons appelés Mistelas, pour chanter toute la nuit Liqueur (Canelazo, rhum, whisky...)
25%
Ancien arrière droit de Manchester United (2009-2019) qui a commencé et terminé sa carrière pro à Quito Antonio Valencia
21%
Elle se déroule entre les Rameaux et Pâques, et attire foules et célébrations dans toute la ville Semaine Sainte
19%
Stratovolcan qui domine la ville et qui a donné son nom à la province de Quito Pichincha
9%
Aucun quiz correspondant
Distribution des résultats
% des personnes avec chaque résultat
Percentile par nombre de réponses
Votre historique - résultats
Vous n’avez pas pris ce quiz